| 000 | 00606nam a22001937a 4500 | ||
|---|---|---|---|
| 005 | 20251108172704.0 | ||
| 008 | 250721s2002 xx 000 0 ara d | ||
| 082 | 1 | 4 | _a641.5/فير |
| 100 | 1 |
_aفيريه، جوليا _eمؤلف |
|
| 245 | 1 | 0 | _aقواعد الطبخ الماكروبيوتيكي / |
| 264 | 1 |
_aبيروت : _bشركة المطبوعات للتوزيع والنشر، _c2002. |
|
| 300 | _a390ص. | ||
| 650 | 1 | 7 | _aالطهي |
| 650 | 1 | 7 | _aوجبات الطعام |
| 650 | 1 | 7 | _aعمليات الطبخ |
| 700 | 1 |
_aالبدر، يوسف _eمؤلف |
|
| 942 |
_2ddc _cBK |
||
| 999 |
_c86010 _d86010 |
||